00836nam a22002297a 45000010005000000030006000050050017000110080041000280200018000690400029000870500008001160820015001241000032001392450077001712600051002483000046002995050007003455200176003525210027005285210018005556500033005739963FISKH20260319153607.0260319b cb ||||| |||| 00| 0 eng d a9781848105805 aFISKHbengcFISKHdFISKH aPZ7 a823.008377 aGallagher, Belinda eAuthor aThe wonderful weaver and other magical stories /cCompiled by Vic Parker aThaxted : bMiles Kelly Publishing Ltd ,c2012 a40 pages : bcolor illustrations ;c28 cm aP  aThis series captures the imagination of young readers with tales of enchantment. It is ideal for young readers to read along with parents or older children to read alone. 8 a650 bLexile estimate 8 aP bRaz-Plus  aChildren bookvPicture book